| 000 | 01352cam a2200337 a 4500 | ||
|---|---|---|---|
| 001 | 2353 | ||
| 003 | FISKH | ||
| 005 | 20250826094051.0 | ||
| 008 | 090220s2010 mnua j 000 1 eng | ||
| 010 | _a 2009006293 | ||
| 020 | _a9781434215659 (lib. bdg.) | ||
| 020 | _a9781434217325 (pbk.) | ||
| 040 |
_aDLC _cDLC _dDLC _beng |
||
| 042 | _alcac | ||
| 050 | 0 | 0 |
_aPZ7.S6982 _bCat 2010 |
| 082 | 0 | 0 |
_a[Fic] _222 |
| 100 | 1 | _aSonneborn, Scott. | |
| 245 | 1 | 0 |
_aCatwoman's classroom of claws / _cwritten by Scott Sonneborn ; illustrated by Dan Schoening. |
| 260 |
_aMinnesota : _bStone Arch Books, _c2013. |
||
| 300 |
_a48 pages : _bcolor illustrations ; _c20 cm |
||
| 490 | 0 | _aDC super heroes. Batman | |
| 500 | _a"Batman created by Bob Kane." | ||
| 505 | _aO | ||
| 520 | _a"When Batman learns about a school for aspiring villains, he sends Robin to find out who's in charge. While undercover, the Boy Wonder discovers that the mysterious headmistress is none other than Catwoman! The Dynamic Duo must find a way to take down this feline felon before her students graduate to full-time crooks"--Unedited summary from book. | ||
| 521 | 1 |
_a640
_bLexile |
|
| 521 | 0 |
_aO
_bRaz-Plus |
|
| 650 | 1 |
_aSuperheroes _vFiction. |
|
| 700 | 1 |
_aSchoening, Dan, _eillustrator |
|
| 906 |
_a7 _bcbc _corignew _d1 _eecip _f20 _gy-gencatlg |
||
| 942 |
_2ddc _cBK _n0 |
||
| 999 |
_c2353 _d2353 |
||